Normal view
MARC view
Entry Corporate Name
001 - CONTROL NUMBER
- control field: 242693
003 - CONTROL NUMBER IDENTIFIER
- control field: OSt
005 - DATE AND TIME OF LATEST TRANSACTION
- control field: 20251024142205.0
008 - FIXED-LENGTH DATA ELEMENTS
- fixed length control field: 251024|| aca||aabn | a|a d
040 ## - CATALOGING SOURCE
- Original cataloging agency: OSt
- Transcribing agency: OSt
110 ## - HEADING--CORPORATE NAME
- Corporate name or jurisdiction name as entry element: ರಾಮಣ್ಣ ಎಸ್ ಕೆ Tr
670 ## - SOURCE DATA FOUND
- Source citation: Work cat.: (OSt)81264: Kenneth Anderson 42438, Dakayitaraja mansingana kathegalu , 1973